[Event "45th Olympiad 2024"]
[Site "Budapest HUN"]
[Date "2024.09.12"]
[Round "2.38"]
[Board "2"]
[White "Pelletier, Yannick"]
[Black "Sapalo, Gabriel"]
[Result "1-0"]
[WhiteTitle "GM"]
[WhiteElo "2526"]
[BlackElo "2058"]
[WhiteTeam "Switzerland"]
[BlackTeam "Angola"]
[WhiteFideId "1301837"]
[BlackFideId "10100717"]
[EventDate "2024.09.11"]

1. Nf3 Nf6 2. c4 e6 3. Nc3 d5 4. d4 c5 5. cxd5 cxd4 6. Qxd4 exd5 7. e4 dxe4 8.
Qxd8+ Kxd8 9. Ng5 Be6 10. Nxe6+ fxe6 11. Bc4 Kd7 12. Bg5 Bb4 13. O-O-O+ Ke7 14.
Rhe1 Bxc3 15. bxc3 Rc8 16. Rxe4 Rc6 17. Bd5 Rb6 18. Rde1 Nd7 19. Rxe6+ Kf8 20.
Rxb6 axb6 21. Bb3 Re8 22. Rxe8+ Kxe8 23. f3 Ke7 24. Kd2 Nc5 25. Ke3 h6 26. Bxf6+
Kxf6 27. Kd4 Ke7 28. f4 h5 29. g3 h4 30. gxh4 Kf6 31. Bc2 Ne6+ 32. Ke4 Nc5+ 33.
Kd5 Ne6 34. Ke4 Nc5+ 35. Kd5 Ne6 36. f5 Nf4+ 37. Kd6 b5 38. Kc5 Ne2 39. Kb4 Ke5
40. a3 Nf4 41. Kxb5 Nd5 42. Kc5 Nxc3 43. Kb6 Kd6 44. Kxb7 Kc5 45. f6 gxf6 46. h5
Nb5 47. Bg6 1-0

[Event "45th Olympiad 2024"]
[Site "Budapest HUN"]
[Date "2024.09.12"]
[Round "2.38"]
[Board "3"]
[White "Silva, David"]
[Black "Peng, Li Min"]
[Result "0-1"]
[WhiteTitle "IM"]
[BlackTitle "GM"]
[WhiteElo "2363"]
[BlackElo "2514"]
[WhiteTeam "Angola"]
[BlackTeam "Switzerland"]
[WhiteFideId "10101314"]
[BlackFideId "14112620"]
[EventDate "2024.09.11"]

1. e4 c5 2. Nf3 d6 3. Nc3 Nf6 4. d4 cxd4 5. Nxd4 a6 6. a3 Nbd7 7. g4 h6 8. Bg2
Ne5 9. h3 g5 10. Qe2 Bd7 11. f4 gxf4 12. Bxf4 Rc8 13. O-O-O Rxc3 14. bxc3 Qc7
15. Bxe5 dxe5 16. Nb3 e6 17. Kb2 Bb5 18. Qf3 Nd7 19. Rxd7 Bxd7 20. Rd1 Be7 21.
Qd3 Bb5 22. Qe3 Kf8 23. Qg3 a5 24. Bf1 Bc6 25. Bd3 a4 26. Nd2 Qb6+ 27. Ka2 Qc5
28. Nb1 Bg5 29. h4 Bf4 30. Qf3 Ke7 31. Qe2 Rg8 32. c4 Qd4 33. Qe1 Qe3 34. Qb4+
Kf6 35. Nc3 Rxg4 36. Qf8 Rg2 37. h5 Rd2 38. Rxd2 Qxd2 39. Nd5+ exd5 40. exd5 e4
41. Bxe4 Qe1 42. Qh8+ Ke7 43. Qd4 Bd7 44. c5 Qg3 45. d6+ Bxd6 46. cxd6+ Qxd6 47.
Qe3 Be6+ 48. Kb1 Qd1+ 49. Kb2 Qxh5 50. Qc3 Qb5+ 51. Kc1 Qf1+ 52. Kb2 Qf6 53.
Bxb7 h5 54. Bc6 h4 55. Bh1 h3 0-1

[Event "45th Olympiad 2024"]
[Site "Budapest HUN"]
[Date "2024.09.12"]
[Round "2.38"]
[Board "4"]
[White "Kurmann, Oliver"]
[Black "Junior, Domingos"]
[Result "1-0"]
[WhiteTitle "IM"]
[BlackTitle "FM"]
[WhiteElo "2421"]
[BlackElo "2183"]
[WhiteTeam "Switzerland"]
[BlackTeam "Angola"]
[WhiteFideId "1308173"]
[BlackFideId "10105972"]
[EventDate "2024.09.11"]

1. e4 c6 2. d4 d5 3. Nd2 dxe4 4. Nxe4 Nf6 5. Nxf6+ exf6 6. c3 Bf5 7. Ne2 Bd6 8.
Ng3 Bg6 9. Qe2+ Qe7 10. Qxe7+ Kxe7 11. f4 Nd7 12. Kf2 Rhe8 13. h4 h6 14. h5 Bc2
15. Be3 f5 16. Rc1 Be4 17. Nxe4 fxe4 18. Be2 f5 19. c4 Nf8 20. g3 Ne6 21. Rhd1
Rf8 22. c5 Bc7 23. d5 cxd5 24. Rxd5 Rad8 25. Rcd1 Kf6 26. Bc4 Rxd5 27. Bxd5 Rd8
28. Ke2 b6 29. b4 bxc5 30. bxc5 Ke7 31. c6 a6 32. Bc1 Nc5 33. Bc4 Rxd1 34. Kxd1
e3 1-0

[Event "45th Olympiad 2024"]
[Site "Budapest HUN"]
[Date "2024.09.12"]
[Round "2.39"]
[Board "1"]
[White "Supi, Luis Paulo"]
[Black "Santos Flores, Alberto"]
[Result "1-0"]
[WhiteTitle "GM"]
[BlackTitle "IM"]
[WhiteElo "2570"]
[BlackElo "2168"]
[WhiteTeam "Brazil"]
[BlackTeam "Ecuador"]
[WhiteFideId "2106388"]
[BlackFideId "3601234"]
[EventDate "2024.09.11"]

1. c4 e6 2. Nf3 d5 3. g3 dxc4 4. Bg2 Nf6 5. O-O a6 6. Qc2 Bd6 7. Qxc4 b5 8. Qc2
Bb7 9. a4 c5 10. Nc3 Qb6 11. Ng5 Bxg2 12. Kxg2 b4 13. Nce4 Nbd7 14. d3 h6 15.
Nxf6+ Nxf6 16. Nf3 O-O 17. b3 Rac8 18. Bb2 Nd7 19. Qc4 Be7 20. Rac1 Qb7 21. Rc2
Bf6 22. Bxf6 Nxf6 23. Rfc1 Nd5 24. d4 Nb6 25. Qd3 cxd4 26. Qxd4 Rxc2 27. Rxc2
Nd5 28. Rc4 a5 29. Rc5 Qa6 30. Qd3 Qb6 31. Qb5 Qxb5 32. Rxb5 Ra8 33. Nd4 Ra6 34.
Rc5 Ne7 35. Nf3 Nc6 36. Nd2 Kf8 37. e3 Ke7 38. Nc4 Kd7 39. Kf3 Ra7 40. h4 Ra6
41. g4 Ra7 42. Ke4 Ra6 43. f4 f6 44. Kd3 Ra7 45. h5 Ra6 46. e4 Ra7 47. e5 Ra6
48. exf6 gxf6 49. g5 fxg5 50. fxg5 Ke7 51. gxh6 Kf8 52. Nxa5 Rxa5 53. Rxc6 Rxh5
54. Rxe6 Kf7 55. Rb6 1-0

[Event "45th Olympiad 2024"]
[Site "Budapest HUN"]
[Date "2024.09.12"]
[Round "2.39"]
[Board "2"]
[White "Noboa Silva, Kevin"]
[Black "Fier, Alexandr"]
[Result "1/2-1/2"]
[WhiteTitle "FM"]
[BlackTitle "GM"]
[WhiteElo "2270"]
[BlackElo "2551"]
[WhiteTeam "Ecuador"]
[BlackTeam "Brazil"]
[WhiteFideId "3618471"]
[BlackFideId "2107139"]
[EventDate "2024.09.11"]

1. d4 d5 2. c4 e6 3. Nc3 c6 4. cxd5 exd5 5. Bf4 Bd6 6. Bg3 Ne7 7. e3 Nf5 8. Bd3
Nxg3 9. hxg3 Nd7 10. Nf3 Nf6 11. Qc2 h6 12. Nh4 O-O 13. O-O Re8 14. Rfe1 Be6 15.
Rad1 Bf8 16. a3 a5 17. Nf3 Bg4 18. Bf5 Bxf5 19. Qxf5 Qb6 20. Qc2 Re6 21. Na4 Qc7
22. Nc5 Bxc5 23. dxc5 a4 24. Rd4 Qa5 25. Rb4 Qa7 26. Rc1 Ne4 27. Nd2 Nf6 28. Nf3
Re7 29. Qd1 Re4 30. Nd4 Nd7 31. Nb5 Qa5 32. Rxe4 dxe4 33. Nd6 Nxc5 34. Qh5 Nd3
35. Qxf7+ Kh7 36. Nxb7 Qg5 37. Rc3 Ra7 38. Qe6 Nxf2 39. Kxf2 Rxb7 40. Qxe4+ Kh8
41. Rxc6 Rxb2+ 42. Kg1 Rb8 43. Ra6 Qxg3 44. Rxa4 Qe1+ 45. Kh2 Qb1 46. Qxb1 Rxb1
47. Kg3 Kh7 48. Ra6 h5 49. a4 Rb4 50. a5 Ra4 51. Ra7 Kh6 52. a6 Kg6 53. Ra8 Kg5
54. Kf3 h4 55. Ra7 g6 56. Ra8 Ra2 57. a7 Ra3 58. Kf2 Ra2+ 59. Kg1 Kg4 60. Rg8
Rxa7 61. Rxg6+ Kf5 62. Rg8 Re7 63. Kf2 Rh7 64. Rf8+ Ke4 65. Rf4+ Ke5 66. Rf3 Ke4
67. Rh3 Rh8 68. Ke2 Kf5 69. g3 Rg8 70. gxh4 Kg4 71. Rh1 Rh8 72. h5 Rh6 73. Kd3
Kf3 74. Rh4 Kg3 75. Rf4 Rxh5 76. Rf8 Ra5 77. e4 Kg4 78. Re8 Kf4 79. Rf8+ Kg4 80.
Rf1 Kg5 81. Rf2 Ra3+ 82. Kd4 Ra4+ 83. Kd5 Ra5+ 84. Kd6 Ra6+ 85. Kc5 Ra5+ 86. Kb4
Re5 1/2-1/2

[Event "45th Olympiad 2024"]
[Site "Budapest HUN"]
[Date "2024.09.12"]
[Round "2.39"]
[Board "3"]
[White "Quintiliano, Renato R."]
[Black "Garzon Zapatanga, Christopher Leonel"]
[Result "1-0"]
[WhiteTitle "GM"]
[WhiteElo "2499"]
[BlackElo "2216"]
[WhiteTeam "Brazil"]
[BlackTeam "Ecuador"]
[WhiteFideId "2117568"]
[BlackFideId "3634787"]
[EventDate "2024.09.11"]

1. d4 Nf6 2. c4 g6 3. Nc3 Bg7 4. e4 d6 5. Nf3 O-O 6. Be2 e5 7. d5 a5 8. h3 Na6
9. Bg5 Qe8 10. g4 Bd7 11. Nd2 h6 12. Be3 Nh7 13. h4 f5 14. gxf5 gxf5 15. exf5
Bxf5 16. Nde4 Nf6 17. f3 Nh5 18. Qd2 Nf4 19. O-O-O b6 20. Rdg1 Kh8 21. Bd1 Nc5
22. Bc2 Qe7 23. Rg3 Rf7 24. Rhg1 Bh7 25. Nxc5 bxc5 26. Bxh7 Kxh7 27. Rg4 Raf8
28. Ne2 h5 29. Rg5 Bh6 30. Bxf4 Rxf4 31. Nxf4 Bxg5 32. Rxg5 Rxf4 33. Rxh5+ Kg6
34. Rg5+ Kh6 35. Rg4 Qf6 36. Rxf4 exf4 37. Qxa5 Qxh4 38. Qc3 Qe7 39. a4 Kg5 40.
Kd1 Qh7 41. a5 Qh1+ 42. Kc2 Qh2+ 43. Kb3 Qe2 44. Qg7+ Kf5 45. Qg4+ Kf6 46. Qxf4+
Kg7 47. Qg4+ Kf6 48. Qe6+ 1-0

[Event "45th Olympiad 2024"]
[Site "Budapest HUN"]
[Date "2024.09.12"]
[Round "2.39"]
[Board "4"]
[White "Mieles Palau, Daniel"]
[Black "Di Berardino, Diego Rafael"]
[Result "0-1"]
[WhiteTitle "IM"]
[BlackTitle "IM"]
[WhiteElo "2321"]
[BlackElo "2472"]
[WhiteTeam "Ecuador"]
[BlackTeam "Brazil"]
[WhiteFideId "3600467"]
[BlackFideId "2105446"]
[EventDate "2024.09.11"]

1. c4 c5 2. Nf3 Nf6 3. Nc3 d5 4. cxd5 Nxd5 5. g3 Nc6 6. Bg2 Nc7 7. O-O e5 8. d3
Be7 9. Nd2 Bd7 10. Nc4 f6 11. f4 b5 12. Ne3 O-O 13. Ned5 Rb8 14. Nxc7 Qxc7 15.
a4 b4 16. Nd5 Qd6 17. Be3 Nd4 18. fxe5 fxe5 19. Nxe7+ Qxe7 20. Bxd4 exd4 21.
Qb3+ Kh8 22. Rxf8+ Rxf8 23. Qd5 Bg4 24. Be4 Bxe2 25. Kg2 c4 26. Qxd4 cxd3 27.
Bxd3 Bf3+ 0-1

[Event "45th Olympiad 2024"]
[Site "Budapest HUN"]
[Date "2024.09.12"]
[Round "2.40"]
[Board "1"]
[White "Wiedenkeller, Michael"]
[Black "Grandelius, Nils"]
[Result "0-1"]
[WhiteTitle "IM"]
[BlackTitle "GM"]
[WhiteElo "2406"]
[BlackElo "2653"]
[WhiteTeam "Luxembourg"]
[BlackTeam "Sweden"]
[WhiteFideId "1700146"]
[BlackFideId "1710400"]
[EventDate "2024.09.11"]

1. d4 Nf6 2. Bg5 b6 3. Nd2 Bb7 4. Ngf3 d6 5. Bxf6 exf6 6. e4 g6 7. Bd3 Bg7 8.
O-O O-O 9. a4 Nc6 10. c3 d5 11. b4 dxe4 12. Bxe4 f5 13. Bd3 Ne7 14. Qb3 Rb8 15.
Bc4 Nd5 16. Rad1 c5 17. Rfe1 cxb4 18. cxb4 Nf4 19. d5 Rc8 20. Nf1 Qd6 21. g3 Nh5
22. Nd4 Bxd4 23. Rxd4 Nf6 24. Ne3 Rfe8 25. Red1 Re4 26. Rxe4 Nxe4 27. Bf1 f4 28.
Nc4 Qf6 29. Qf3 fxg3 30. Qxf6 Nxf6 31. hxg3 Bxd5 32. Nd6 0-1

[Event "45th Olympiad 2024"]
[Site "Budapest HUN"]
[Date "2024.09.12"]
[Round "2.40"]
[Board "2"]
[White "Hillarp Persson, Tiger"]
[Black "Berend, Fred"]
[Result "1/2-1/2"]
[WhiteTitle "GM"]
[BlackTitle "IM"]
[WhiteElo "2457"]
[BlackElo "2230"]
[WhiteTeam "Sweden"]
[BlackTeam "Luxembourg"]
[WhiteFideId "1700812"]
[BlackFideId "4000102"]
[EventDate "2024.09.11"]

1. Nf3 Nf6 2. g3 d5 3. Bg2 c5 4. c4 dxc4 5. Na3 Nc6 6. Nxc4 g6 7. b3 Bg7 8. Bb2
O-O 9. O-O Be6 10. Rc1 Rc8 11. d4 cxd4 12. Nxd4 Bd5 13. Nxc6 Bxc6 14. Bxc6 Rxc6
15. Qxd8 Rxd8 16. Rfd1 Rb8 17. Kf1 Ne8 18. Bxg7 Kxg7 19. Ne5 Rxc1 20. Rxc1 Rd8
21. Ke1 Kf6 22. Nd3 Nd6 23. f3 Rc8 24. Rxc8 Nxc8 25. Kd2 e6 26. e4 Ke7 27. Kc3
Kd6 28. Kd4 Ne7 29. e5+ Kc6 30. Nf2 Nf5+ 31. Ke4 h6 32. Nd3 a5 33. Nb2 b5 34. a3
Ne7 35. Nd3 Kb6 36. g4 Nd5 37. Kd4 Ne7 38. h4 Nc6+ 39. Ke4 Ne7 40. Kd4 Nc6+ 41.
Ke3 Ne7 42. Ke4 Nc6 43. Ke3 Ne7 44. Nf2 Nc6 45. Ke4 Ne7 46. Nd3 Nc6 47. Nf2 Kc5
48. Nd3+ Kb6 49. Ke3 1/2-1/2

[Event "45th Olympiad 2024"]
[Site "Budapest HUN"]
[Date "2024.09.12"]
[Round "2.40"]
[Board "3"]
[White "Berend, Elvira"]
[Black "Lokander, Martin"]
[Result "0-1"]
[WhiteTitle "WGM"]
[BlackTitle "IM"]
[WhiteElo "2219"]
[BlackElo "2469"]
[WhiteTeam "Luxembourg"]
[BlackTeam "Sweden"]
[WhiteFideId "4000510"]
[BlackFideId "1709569"]
[EventDate "2024.09.11"]

1. d4 Nf6 2. Nf3 c5 3. e3 d5 4. c4 cxd4 5. exd4 g6 6. Nc3 Bg7 7. cxd5 Nxd5 8.
Qb3 Nb6 9. Bb5+ Bd7 10. a4 O-O 11. a5 Be6 12. Qd1 Nd5 13. O-O a6 14. Be2 Nc6 15.
Qa4 Rc8 16. Rd1 h6 17. h3 Ncb4 18. Nxd5 Nxd5 19. Ne5 Qd6 20. Nd3 Bd7 21. Qb3 Bb5
22. Bf3 Bc4 23. Qa4 Bxd4 24. Bxh6 Rfd8 25. Rac1 b5 26. axb6 Nxb6 27. Qa5 e5 28.
Nb4 Bb3 29. Rxc8 Rxc8 30. Re1 Bxb2 31. Nc6 Nd5 32. Bxd5 Bxd5 33. Ne7+ Qxe7 34.
Qxd5 Qf6 35. Be3 Rd8 36. Qa5 Bd4 37. Qa3 Kg7 38. Qc1 a5 39. Bh6+ Kh7 40. Rf1 Qf5
41. Bg5 Rc8 42. Qd2 Rc2 43. g4 Rxd2 44. gxf5 Rd3 0-1

[Event "45th Olympiad 2024"]
[Site "Budapest HUN"]
[Date "2024.09.12"]
[Round "2.40"]
[Board "4"]
[White "Pantzar, Milton"]
[Black "Mertens, Marc"]
[Result "1-0"]
[WhiteTitle "IM"]
[WhiteElo "2437"]
[BlackElo "2120"]
[WhiteTeam "Sweden"]
[BlackTeam "Luxembourg"]
[WhiteFideId "1721003"]
[BlackFideId "4000501"]
[EventDate "2024.09.11"]

1. d4 Nf6 2. c4 g6 3. Nc3 d5 4. Nf3 Bg7 5. Bg5 Ne4 6. Bf4 c5 7. cxd5 Qa5 8. Be5
cxd4 9. Qxd4 Nxc3 10. b4 Nb5 11. bxa5 Nxd4 12. Bxg7 Nxf3+ 13. exf3 Rg8 14. Bd4
e6 15. Rc1 Bd7 16. dxe6 fxe6 17. Bc4 Nc6 18. Bc3 Ne7 19. O-O Nd5 20. Bd4 Bc6 21.
Rfe1 Kd7 22. Bb3 a6 23. Be5 Rac8 24. h3 Bb5 25. Kh2 Rc6 26. Red1 Rgc8 27. Rb1
Rc5 28. Bd4 R5c6 29. Be5 Rc5 30. Bd4 R5c6 31. a4 Bc4 32. Be5 b5 33. axb5 Bxb5
34. f4 Rc5 35. Bd4 R5c6 36. Be5 Ke7 37. Bxd5 exd5 38. Rxd5 Rc2 39. Bd4 Kf7 40.
f5 Re8 41. fxg6+ hxg6 42. Rd6 Re6 43. Rxe6 Kxe6 44. Rb3 Ra2 45. Bb6 Rc2 46. Rg3
Kf5 47. Rf3+ Ke5 48. Re3+ Kd5 49. Re7 Rc3 50. Rg7 Bd3 51. Kg3 Ra3 52. h4 Ra4 53.
Rd7+ 1-0

[Event "45th Olympiad 2024"]
[Site "Budapest HUN"]
[Date "2024.09.12"]
[Round "2.41"]
[Board "1"]
[White "Makhnev, Denis"]
[Black "Bagheri, Amir"]
[Result "1/2-1/2"]
[WhiteTitle "GM"]
[BlackTitle "GM"]
[WhiteElo "2551"]
[BlackElo "2372"]
[WhiteTeam "Kazakhstan"]
[BlackTeam "Monaco"]
[WhiteFideId "13707647"]
[BlackFideId "12500283"]
[EventDate "2024.09.11"]

1. d4 Nf6 2. c4 e6 3. Nf3 Bb4+ 4. Bd2 a5 5. a3 Bxd2+ 6. Qxd2 b6 7. Nc3 Bb7 8. e3
Ne4 9. Nxe4 Bxe4 10. Bd3 Bxd3 11. Qxd3 d6 12. g4 Nd7 13. h4 h6 14. Ke2 a4 15. g5
Ra5 16. Rhg1 Qa8 17. Rg3 Nf8 18. Rag1 h5 19. g6 f6 20. Rd1 Nd7 21. d5 Nc5 22.
Qc2 e5 23. Nd2 Kd8 24. e4 b5 25. b4 axb3 26. Nxb3 Rxa3 27. Rd2 b4 28. Nxc5 dxc5
29. Rxa3 Qxa3 30. d6 Qa6 1/2-1/2

[Event "45th Olympiad 2024"]
[Site "Budapest HUN"]
[Date "2024.09.12"]
[Round "2.41"]
[Board "2"]
[White "Efimov, Igor"]
[Black "Suleymenov, Alisher"]
[Result "0-1"]
[WhiteTitle "GM"]
[BlackTitle "GM"]
[WhiteElo "2338"]
[BlackElo "2484"]
[WhiteTeam "Monaco"]
[BlackTeam "Kazakhstan"]
[WhiteFideId "806404"]
[BlackFideId "13707833"]
[EventDate "2024.09.11"]

1. Nf3 Nf6 2. d4 g6 3. g3 Bg7 4. Bg2 d5 5. O-O O-O 6. Nbd2 a5 7. b3 a4 8. Ba3 c6
9. e3 Bf5 10. Ne5 Nbd7 11. g4 Nxe5 12. gxf5 Neg4 13. Qf3 Nh6 14. fxg6 hxg6 15.
Qh3 Re8 16. f4 axb3 17. axb3 Qa5 18. b4 Qb5 19. Rfe1 Ra4 20. Bf1 Qb6 21. b5 Qa5
22. Nb3 Qc3 23. e4 Nxe4 24. Qxc3 Nxc3 25. bxc6 bxc6 26. Bb2 Rxa1 27. Rxa1 Ne4
28. Ra7 c5 29. Na5 Rb8 30. Nb7 Nf5 31. Bd3 Nxd4 32. Kg2 Nc6 0-1

[Event "45th Olympiad 2024"]
[Site "Budapest HUN"]
[Date "2024.09.12"]
[Round "2.41"]
[Board "3"]
[White "Zhalmakhanov, Ramazan"]
[Black "Levacic, Damir"]
[Result "1-0"]
[WhiteTitle "GM"]
[BlackTitle "IM"]
[WhiteElo "2497"]
[BlackElo "2097"]
[WhiteTeam "Kazakhstan"]
[BlackTeam "Monaco"]
[WhiteFideId "13706357"]
[BlackFideId "600180"]
[EventDate "2024.09.11"]

1. e4 g6 2. d4 Bg7 3. Nc3 d6 4. f4 a6 5. Nf3 Nd7 6. e5 Nh6 7. Bd3 c5 8. e6 fxe6
9. Ng5 Nf8 10. dxc5 d5 11. Na4 Rb8 12. c3 Qc7 13. O-O Bd7 14. Be3 Nf5 15. Bxf5
exf5 16. Nb6 Bc6 17. Bd4 Rg8 18. Qb3 Rd8 19. Rae1 h6 20. Ne6 Nxe6 21. Rxe6 Kf7
22. Rfe1 Rge8 23. R1e5 Bf6 24. Nxd5 Bxd5 25. Rxd5 Bxd4+ 26. cxd4 Kg7 27. Qg3 g5
28. Rxf5 Rxd4 29. Rxg5+ Kf7 30. Qb3 Rd1+ 31. Re1+ e6 32. Qxd1 hxg5 33. Qh5+ Kf8
34. Qh8+ 1-0

[Event "45th Olympiad 2024"]
[Site "Budapest HUN"]
[Date "2024.09.12"]
[Round "2.41"]
[Board "4"]
[White "Meylan, Andre"]
[Black "Ansat, Aldiyar"]
[Result "0-1"]
[BlackTitle "IM"]
[WhiteElo "2165"]
[BlackElo "2457"]
[WhiteTeam "Monaco"]
[BlackTeam "Kazakhstan"]
[WhiteFideId "1301225"]
[BlackFideId "13715658"]
[EventDate "2024.09.11"]

1. e4 c5 2. Nf3 d6 3. d4 cxd4 4. Nxd4 Nf6 5. Nc3 Nc6 6. Be2 g6 7. Be3 Bg7 8. O-O
O-O 9. f4 Qb6 10. Qd3 Ng4 11. Bxg4 Bxd4 12. Nd5 Bxe3+ 13. Qxe3 Qxe3+ 14. Nxe3
Bxg4 15. Nxg4 f6 16. c3 b5 17. Ne3 Kf7 18. Rad1 h5 19. Rf3 Rac8 20. Nc2 a5 21.
Nd4 Nxd4 22. Rxd4 Rc5 23. Rfd3 Rb8 24. Kf2 b4 25. cxb4 axb4 26. Rb3 Rc2+ 27. Kf3
Ra8 28. a3 bxa3 29. bxa3 Ra2 30. Rdd3 h4 31. Re3 Ra4 32. h3 Ke6 33. Rbd3 Ra1 34.
Rb3 Ra5 35. Rbd3 g5 36. f5+ Kf7 37. Rb3 Ra2 38. Red3 Re5 39. Rbc3 Ra1 40. Rd4
Rf1+ 41. Ke2 Rfxf5 42. Rf3 Rxf3 43. Kxf3 Rc5 44. Ra4 d5 45. exd5 Rxd5 46. Ra7 f5
47. a4 Rd3+ 48. Ke2 Ra3 49. a5 Kf6 50. a6 e6 51. Ra8 Ke5 52. a7 Kf4 53. Re8 Rxa7
54. Rxe6 Kg3 55. Re5 Ra2+ 56. Kf1 Rf2+ 57. Kg1 Rxg2+ 58. Kh1 Rd2 59. Re3+ Kf4
60. Ra3 Rf2 0-1

[Event "45th Olympiad 2024"]
[Site "Budapest HUN"]
[Date "2024.09.12"]
[Round "2.42"]
[Board "1"]
[White "Khusenkhojaev, Mustafokhuja"]
[Black "Neiksans, Arturs"]
[Result "1-0"]
[WhiteTitle "FM"]
[BlackTitle "GM"]
[WhiteElo "2283"]
[BlackElo "2571"]
[WhiteTeam "Tajikistan"]
[BlackTeam "Latvia"]
[WhiteFideId "14700727"]
[BlackFideId "11601388"]
[EventDate "2024.09.11"]

1. d4 f5 2. Nf3 Nf6 3. g3 g6 4. Bg2 Bg7 5. O-O O-O 6. c4 d6 7. Nc3 c6 8. Rb1 a5
9. Qb3 h6 10. Rd1 Nbd7 11. Qc2 Qe8 12. d5 Nc5 13. Be3 cxd5 14. cxd5 a4 15. Rbc1
b6 16. h3 Nh5 17. Bd4 Bd7 18. Bxg7 Kxg7 19. Nd4 f4 20. g4 Nf6 21. b4 axb3 22.
axb3 g5 23. b4 Na6 24. Qb2 h5 25. Ne6+ Bxe6 26. dxe6 hxg4 27. hxg4 Nc7 28. Bxa8
Qxa8 29. f3 Nxe6 30. Nd5 Qb7 31. Kg2 b5 32. Rd2 Rf7 33. Rh1 Qc6 34. Rh5 Kf8 35.
Nxf6 Rxf6 36. Rh7 Ke8 37. Rc2 Qa6 38. Qc3 Nf8 39. Rh8 Kf7 40. Rh5 Rg6 41. Qd3
Qa4 42. Rc7 Qa2 43. Qf5+ Kg8 44. Rxe7 1-0

[Event "45th Olympiad 2024"]
[Site "Budapest HUN"]
[Date "2024.09.12"]
[Round "2.42"]
[Board "2"]
[White "Meshkovs, Nikita"]
[Black "Karimov, Alisher"]
[Result "1-0"]
[WhiteTitle "GM"]
[BlackTitle "FM"]
[WhiteElo "2534"]
[BlackElo "2240"]
[WhiteTeam "Latvia"]
[BlackTeam "Tajikistan"]
[WhiteFideId "11602740"]
[BlackFideId "14700280"]
[EventDate "2024.09.11"]

1. d4 Nf6 2. Bg5 Ne4 3. h4 c5 4. Nd2 Nxg5 5. d5 Ne6 6. dxe6 dxe6 7. h5 Nc6 8. e3
e5 9. Qf3 e6 10. O-O-O Qd5 11. Bb5 Qxf3 12. Ngxf3 f6 13. Ne4 Be7 14. Bxc6+ bxc6
15. Nd6+ Bxd6 16. Rxd6 Bd7 17. Rhd1 O-O-O 18. Nd2 Be8 19. Rxd8+ Kxd8 20. Ne4+
Kc8 21. Nxc5 Bxh5 22. Rd6 Rd8 23. Rxc6+ Kb8 24. f3 Rc8 25. Nd7+ Kb7 26. Rxe6 Rc7
27. Rd6 Be8 28. Nf8 h5 29. Ne6 Re7 30. c4 h4 31. Kd2 Kc8 32. Rd8+ Kb7 33. Nc5+
Kc7 34. Ra8 Kb6 35. b4 Bc6 36. Rb8+ Kc7 37. Na6+ Kd6 38. b5 Bb7 39. Rd8+ Ke6 40.
Nc5+ Kf5 41. Rb8 e4 42. Nxb7 exf3 43. gxf3 g5 44. Nd6+ Ke5 45. Ne4 g4 46. Rh8
gxf3 47. Nf2 Rg7 48. Nd3+ 1-0

[Event "45th Olympiad 2024"]
[Site "Budapest HUN"]
[Date "2024.09.12"]
[Round "2.42"]
[Board "3"]
[White "Ilkhomi, Jaloliddin"]
[Black "Kantans, Toms"]
[Result "1/2-1/2"]
[WhiteTitle "FM"]
[BlackTitle "GM"]
[WhiteElo "2227"]
[BlackElo "2486"]
[WhiteTeam "Tajikistan"]
[BlackTeam "Latvia"]
[WhiteFideId "14700948"]
[BlackFideId "11602945"]
[EventDate "2024.09.11"]

1. Nf3 Nf6 2. c4 c5 3. Nc3 Nc6 4. g3 d5 5. cxd5 Nxd5 6. Bg2 Nc7 7. O-O e5 8. d3
Be7 9. Nd2 O-O 10. Nc4 f6 11. f4 exf4 12. gxf4 f5 13. Be3 Qe8 14. Ne5 Nxe5 15.
fxe5 Be6 16. Bxb7 Rb8 17. Bg2 Rxb2 18. Na4 Rb5 19. Qc2 Nd5 20. Bd2 Nb4 21. Bxb4
cxb4 22. d4 Ra5 23. Nc5 Bxc5 24. dxc5 Qb8 25. c6 Qxe5 26. Qb1 Qd4+ 27. Kh1 Bd5
28. Qd3 Qxd3 29. exd3 Rc8 30. Bxd5+ Rxd5 31. Rac1 Rc7 32. Rc4 a5 33. d4 Kf7 34.
Re1 g6 35. Kg2 Kf6 36. Kf3 Rd6 37. Rec1 Ke6 38. Ke3 Rd5 39. Rc5 a4 40. Kd3 Rxc5
41. Rxc5 Kd6 42. Rb5 Rxc6 43. Rxb4 Rc1 44. Rxa4 Rh1 45. Ra6+ Kd5 46. Ra5+ Kc6
47. Rc5+ Kd6 48. Rc2 Rf1 49. Ke3 g5 50. a4 f4+ 51. Ke4 f3 52. a5 g4 53. a6 Ra1
54. Kf4 h5 55. h3 Kd5 56. hxg4 hxg4 57. Rf2 Rxa6 58. Kxg4 Ke4 59. Rxf3 Rg6+ 60.
Kh5 Kxf3 1/2-1/2

[Event "45th Olympiad 2024"]
[Site "Budapest HUN"]
[Date "2024.09.12"]
[Round "2.43"]
[White "Cahaya, Satria Duta"]
[Black "Sahidi, Samir"]
[Result "1-0"]
[WhiteTitle "FM"]
[BlackTitle "IM"]
[WhiteElo "2219"]
[BlackElo "2474"]
[WhiteTeam "Indonesia"]
[BlackTeam "Slovakia"]
[WhiteFideId "7124252"]
[BlackFideId "14936372"]
[EventDate "2024.09.11"]

1. e4 e5 2. Nf3 Nc6 3. Bc4 Nf6 4. d3 Bc5 5. O-O d6 6. c3 a6 7. Bb3 Ba7 8. Re1 h6
9. Nbd2 O-O 10. h3 Be6 11. Bc2 Re8 12. Nf1 d5 13. exd5 Bxd5 14. Ng3 Qd7 15. Nh4
Rad8 16. Nhf5 Kh8 17. Qd2 Ng8 18. Qe2 Re6 19. Be3 Bxe3 20. fxe3 Nce7 21. e4 Bc6
22. Qe3 Nxf5 23. Nxf5 Ne7 24. Ng3 Ba4 25. Bxa4 Qxa4 26. Red1 Red6 27. Rd2 b6 28.
Qf3 f6 29. Nh5 Qe8 30. Rad1 c5 31. Kh2 Qf7 32. a3 a5 33. g4 Ng6 34. Ng3 Nf4 35.
Nf5 R6d7 36. d4 cxd4 37. cxd4 g6 38. Ng3 Rc7 39. Qe3 Rb8 40. Ne2 g5 41. dxe5
fxe5 42. Ng3 a4 43. Rd6 Qb3 44. Rxh6+ Kg8 45. Qxb3+ axb3 46. Nf5 Rh7 47. Rxh7
Kxh7 48. Rd7+ Kh8 49. Nd6 Kg8 50. Kg3 b5 51. Nf5 Kh8 52. Ne7 Rf8 53. Nd5 Nd3 54.
Nf6 Rxf6 55. Rxd3 Rf4 56. Rxb3 Rxe4 57. Rxb5 Re3+ 58. Kg2 Kg7 59. a4 Kf7 60. a5
Re1 61. Kf2 Rb1 62. b4 Ke6 63. a6 1-0

[Event "45th Olympiad 2024"]
[Site "Budapest HUN"]
[Date "2024.09.12"]
[Round "2.43"]
[Board "3"]
[White "Druska, Juraj"]
[Black "Ulhaq, Zacky Dhia"]
[Result "1-0"]
[WhiteTitle "IM"]
[WhiteElo "2441"]
[BlackElo "2203"]
[WhiteTeam "Slovakia"]
[BlackTeam "Indonesia"]
[WhiteFideId "14915650"]
[BlackFideId "7125674"]
[EventDate "2024.09.11"]

1. e4 e5 2. Nf3 Nc6 3. Bb5 a6 4. Ba4 Nf6 5. O-O Be7 6. d3 b5 7. Bb3 d6 8. Bd2
O-O 9. h3 h6 10. Re1 Bd7 11. a3 Qc8 12. Nc3 Na5 13. Ba2 c5 14. b4 Nb7 15. Nd5
Nxd5 16. Bxd5 Bc6 17. Bb3 Kh8 18. g4 a5 19. c3 a4 20. Ba2 f5 21. gxf5 Rxf5 22.
exf5 Qxf5 23. Nh2 Rf8 24. f3 c4 25. Re4 cxd3 26. Qf1 Bg5 27. Qg2 Bxd2 28. Qxd2
Bxe4 29. fxe4 Qxe4 30. Rf1 Rf4 31. Rxf4 exf4 32. Bb1 Qg6+ 33. Kf1 f3 34. Nxf3
Qf5 35. Qxd3 Qxh3+ 36. Kf2 1-0